| 000 | 00770cab a2200241 4500 | ||
|---|---|---|---|
| 001 | ABS68619 | ||
| 008 | 050106n2004 000 0 eng u | ||
| 035 | _a(Sirsi) u128462 | ||
| 245 | _aFocus: casinos | ||
| 260 | _c2004 | ||
| 490 |
_aEstates Gazette _v(0450) 11 December 2004, 55-61(6) |
||
| 520 | _aExamines by region, including Scotland and Northern Ireland, the interest in the potential developments of casinos once government has finalised the Gambling Bill. | ||
| 590 | _aABS | ||
| 650 | _aCASINOS | ||
| 650 | _aCASINO REGULATION | ||
| 650 | _aGAMBLING BILL | ||
| 650 | _aDEVELOPMENTS | ||
| 650 | _aENGLAND | ||
| 650 | _aSCOTLAND | ||
| 650 | _aNORTHERN IRELAND | ||
| 690 | _aPROPERTY-COMMERCIAL PROPERTY-COMMERCIAL PROPERTY MARKET | ||
| 942 | _n0 | ||
| 999 |
_c74703 _d74703 |
||